000 00916cam a22002054a 4500
005 20250605163924.0
008 250528s ||||||||||||||||||||||||d
035 _a14495
020 _a9607072081
040 _aGR-AtMCL
_bgre
_dGR-AtMCL
_eAACR2
245 1 _aΑναζητώντας το Χαμένο Εαυτό Μου / Το Βιβλίο που Έφερε Επανάσταση στη Νοσηλεία και Θεραπεία των Ψυχικά Ασθενών
260 _bΔίοδος,
_c1992
300 _a272
520 _aΤο παρόν βιβλίο διηγείται την ιστορία ενός νέου άντρα α οποίος αφού περνά μια σοβαρή πνευματική ασθένεια βουλιάζει σταδιακά στη ψύχωση.
700 1 _aBeers Clifford W.
_9191
700 1 _aΑβραάμ Μαρ
_9192
942 _cBK
999 _c124
_d124